000 00626nam a2200181 4500
008 171207b xxu||||| |||| 00| 0 eng d
020 _a002160006622
082 _21990
_aDC 418.4
_bAr6s
100 _924531
_aArnold, Virginia, author.
245 _aSmall world /
_cVirginia A. Arnold, Carl B. Smith.
260 _aNew York :
_bMacmillan Publishing Company,
_c©1990.
300 _a239 pages :
_bcolored illustrations ;
_c24 cm.
500 _aIncludes bibliographical references.
650 0 _924529
_aReading (Elementary)
650 0 _924530
_aReading (Primary)
700 _924528
_aSmith, Carl, B., author.
942 _2ddc
_cDC
999 _c7973
_d7973